000 00372 a2200157 4500
001 148705
040 _cEscola São Tomás de Aquino
100 _aHETZEL, Graziela Bozano
240 1 0 _aTem um leão na minha casa!
_lpor
245 1 0 _aTem um leão na minha casa!
300 _a20
362 0 _a2000
440 1 _aRecord
697 _a*LITERATURA INFANTO
942 _cBK
999 _c148705
_d148705